[Event "Prague Summer op 1st"]
[Site "Prague"]
[Date "2014.08.14"]
[Round "7"]
[White "Volodin, Viktor Nikolaevich"]
[Black "Peter, Sebastian"]
[Result "1-0"]
[WhiteElo "2214"]
[BlackElo "2047"]
[PlyCount "129"]
[EventDate "2014.08.09"]
[EventType "swiss"]
[EventRounds "9"]
[EventCountry "CZE"]
[SourceTitle "CBM 162 Extra"]
[Source "ChessBase"]
[SourceDate "2014.10.17"]
[SourceVersion "1"]
[SourceVersionDate "2014.10.17"]
[SourceQuality "1"]

1. d4 Nf6 2. c4 e6 3. g3 d5 4. Nf3 dxc4 5. Bg2 a6 6. 0-0 Nc6 7. e3 Bd7 8. Nfd2 b5 9. b3 cxb3 10. Nxb3 Be7 11. Nc3 0-0 12. Bb2 Rb8 13. Rc1 e5 14. Ne2 e4 15. Nd2 Nb4 16. Nxe4 Nxe4 17. Bxe4 Nxa2 18. Ra1 Nb4 19. d5 Bg4 20. f3 Bh3 21. Qd4 Bf6 22. Qxb4 Bxf1 23. Bxf6 Qxf6 24. Rxf1 Qb6 25. Nd4 a5 26. Qb2 g6 27. g4 a4 28. Ra1 Rfe8 29. Kg2 Qf6 30. Qc2 Qg5 31. Kf2 Qh4+ 32. Kf1 Qg5 33. Ke2 Qe5 34. Kd3 Rb6 35. Rc1 Rd6 36. Qxc7 Rxd5 37. Qxe5 Rdxe5 38. Nc6 R5e6 39. Nb4 Rd6+ 40. Bd5 Kg7 41. e4 g5 42. Rc7 Rf8 43. Rb7 Rh6 44. Rxb5 Rxh2 45. Ra5 h5 46. gxh5 Rxh5 47. Rxa4 f5 48. e5 g4 49. Ra7+ Kg6 50. f4 Rh3+ 51. Ke2 Rb8 52. Nd3 Rc8 53. Ra6+ Kg7 54. Rc6 Rch8 55. Rc7+ Kg6 56. Bf7+ Kg7 57. Bd5+ Kg6 58. e6 Rh2+ 59. Kf1 R2h7 60. Ne5+ Kf6 61. Rf7+ Rxf7 62. exf7 Rd8 63. Nd7+ Ke7 64. f8Q+ Rxf8 65. Nxf8 1-0

[Event "Prague Summer op 1st"]
[Site "Prague"]
[Date "2014.08.12"]
[Round "4"]
[White "Peter, Sebastian"]
[Black "Lubbe, Alexander"]
[Result "1-0"]
[WhiteElo "2047"]
[BlackElo "1898"]
[PlyCount "47"]
[EventDate "2014.08.09"]
[EventType "swiss"]
[EventRounds "9"]
[EventCountry "CZE"]
[SourceTitle "CBM 162 Extra"]
[Source "ChessBase"]
[SourceDate "2014.10.17"]
[SourceVersion "1"]
[SourceVersionDate "2014.10.17"]
[SourceQuality "1"]

1. e4 d5 2. exd5 Qxd5 3. Nc3 Qa5 4. d4 Nf6 5. Nf3 Bg4 6. h3 Bh5 7. g4 Bg6 8. Ne5 c6 9. Bg2 e6 10. 0-0 Bb4 11. Bf4 Bxc3 12. Nc4 Qb4 13. Nd6+ Kd7 14. bxc3 Qxc3 15. Nxb7 Nd5 16. Nc5+ Ke7 17. Be5 Nb4 18. Rb1 f6 19. Rb3 Qc4 20. Qd2 fxe5 21. Rxb4 Qxc2 22. Rb7+ Kd8 23. Qg5+ Kc8 24. Qe7 1-0

[Event "NRW Class2 1213"]
[Site "Germany"]
[Date "2013.04.07"]
[Round "8.2"]
[White "Stanetzek, Carsten"]
[Black "Peter, Sebastian"]
[Result "1/2-1/2"]
[WhiteElo "2196"]
[BlackElo "2028"]
[PlyCount "38"]
[EventDate "2012.09.16"]
[EventType "team-tourn"]
[EventRounds "9"]
[EventCountry "GER"]
[SourceTitle "EXT 2017"]
[Source "ChessBase"]
[SourceDate "2016.10.25"]
[SourceVersion "1"]
[SourceVersionDate "2016.10.25"]
[SourceQuality "1"]
[WhiteTeam "Niederkassel"]
[BlackTeam "Guetersloh"]
[WhiteTeamCountry "GER"]
[BlackTeamCountry "GER"]

1. e4 c5 2. Nf3 Nc6 3. Bb5 e6 4. 0-0 Nge7 5. Re1 a6 6. Bxc6 Nxc6 7. d4 cxd4 8. Nxd4 Bc5 9. Nb3 Be7 10. c4 0-0 11. Nc3 d6 12. Be3 b6 13. Nd4 Nxd4 14. Qxd4 Rb8 15. Red1 Qc7 16. Rac1 Rd8 17. b3 Bd7 18. Qd2 Qb7 19. Bg5 Bc6 1/2-1/2

[Event "NRW Class2 1213"]
[Site "Germany"]
[Date "2013.03.10"]
[Round "7.2"]
[White "Peter, Sebastian"]
[Black "Sandkamp, Ralph"]
[Result "0-1"]
[WhiteElo "2028"]
[BlackElo "2202"]
[PlyCount "62"]
[EventDate "2012.09.16"]
[EventType "team-tourn"]
[EventRounds "9"]
[EventCountry "GER"]
[SourceTitle "EXT 2017"]
[Source "ChessBase"]
[SourceDate "2016.10.25"]
[SourceVersion "1"]
[SourceVersionDate "2016.10.25"]
[SourceQuality "1"]
[WhiteTeam "Guetersloh"]
[BlackTeam "Herne Sodingen"]
[WhiteTeamCountry "GER"]
[BlackTeamCountry "GER"]

1. e4 c5 2. Nf3 d6 3. d4 cxd4 4. Nxd4 Nf6 5. Nc3 g6 6. Be3 Bg7 7. f3 Nc6 8. Qd2 h5 9. 0-0-0 Bd7 10. Kb1 a6 11. Nde2 Rc8 12. Nf4 Ne5 13. Ncd5 Nxd5 14. Nxd5 Be6 15. Bd4 Bxd5 16. exd5 0-0 17. b3 b5 18. h3 Qc7 19. Rc1 Nd7 20. Bxg7 Kxg7 21. g4 Qc3 22. Qxc3+ Rxc3 23. Bg2 hxg4 24. hxg4 Nf6 25. Rcd1 Rc5 26. f4 Nxg4 27. Rhe1 Rc7 28. Rd2 Rh8 29. Bf3 Rh4 30. f5 gxf5 31. Rg2 Kf6 0-1

[Event "NRW Class2 1213"]
[Site "Germany"]
[Date "2012.10.21"]
[Round "2.2"]
[White "Peter, Sebastian"]
[Black "Wolter, Kai"]
[Result "0-1"]
[WhiteElo "2031"]
[BlackElo "2223"]
[PlyCount "94"]
[EventDate "2012.09.16"]
[EventType "team-tourn"]
[EventRounds "9"]
[EventCountry "GER"]
[SourceTitle "EXT 2017"]
[Source "ChessBase"]
[SourceDate "2016.10.25"]
[SourceVersion "1"]
[SourceVersionDate "2016.10.25"]
[SourceQuality "1"]
[WhiteTeam "Guetersloh"]
[BlackTeam "Muenster"]
[WhiteTeamCountry "GER"]
[BlackTeamCountry "GER"]

1. e4 c5 2. Nf3 e6 3. d4 cxd4 4. Nxd4 Nc6 5. Nb5 d6 6. c4 Nf6 7. N1c3 a6 8. Na3 Be7 9. Be2 0-0 10. 0-0 b6 11. Nc2 Bb7 12. f4 b5 13. cxb5 axb5 14. b4 d5 15. e5 Ne4 16. Nxe4 dxe4 17. a3 Qc7 18. Be3 Rfd8 19. Qc1 Na7 20. Nd4 Qd7 21. Qb2 Bd5 22. Rac1 Rdc8 23. Rxc8+ Rxc8 24. Rc1 Rb8 25. Qc2 Bd8 26. Nb3 g6 27. Nc5 Qc6 28. Qd2 Rc8 29. Nb3 Qa8 30. Rxc8 Nxc8 31. Na5 Na7 32. Qd4 Nc6 33. Nxc6 Bxc6 34. Qd6 h5 35. Bc5 Kh7 36. Qf8 Qxa3 37. Qxf7+ Kh8 38. Bf8 Bb6+ 39. Bc5 Bxc5+ 40. bxc5 Qxc5+ 41. Kf1 Qc1+ 42. Kf2 e3+ 43. Kg3 Qe1+ 44. Kh3 Bxg2+ 45. Kxg2 Qxe2+ 46. Kh3 Qf3+ 47. Kh4 Qg4# 0-1

[Event "Solingen Karneval op"]
[Site "Solingen"]
[Date "2012.02.19"]
[Round "4"]
[White "Reksten, Daniel"]
[Black "Peter, Sebastian"]
[Result "1-0"]
[WhiteElo "1857"]
[BlackElo "1997"]
[PlyCount "69"]
[EventDate "2012.02.17"]
[EventType "swiss"]
[EventRounds "5"]
[EventCountry "GER"]
[SourceTitle "EXT 2015"]
[Source "ChessBase"]
[SourceDate "2014.11.20"]
[SourceVersion "1"]
[SourceVersionDate "2014.11.20"]
[SourceQuality "1"]

1. d4 Nf6 2. c4 e6 3. Nc3 Bb4 4. Qc2 0-0 5. e4 c5 6. a3 Qa5 7. axb4 Qxa1 8. bxc5 Nc6 9. Nf3 Nb4 10. Qd2 b6 11. e5 Ne8 12. cxb6 axb6 13. h4 Bb7 14. h5 d6 15. h6 g6 16. Be2 Rd8 17. 0-0 Qa8 18. Nb5 Nc6 19. exd6 Nxd6 20. Nxd6 Rxd6 21. Qf4 Qd8 22. Be3 f6 23. Qg4 Bc8 24. Qg3 Nxd4 25. Nxd4 Rxd4 26. Bxd4 Qxd4 27. Qc7 f5 28. Rd1 Qxb2 29. Rd8 Qa1+ 30. Kh2 Ba6 31. Rxf8+ Kxf8 32. Bf3 Kg8 33. Qd8+ Kf7 34. Qd7+ Kf8 35. Bc6 1-0

[Event "Dortmund Sparkassen op-A"]
[Site "Dortmund"]
[Date "2011.07.30"]
[Round "8"]
[White "Peter, Sebastian"]
[Black "Beutelhoff, Josef"]
[Result "0-1"]
[WhiteElo "1974"]
[BlackElo "2128"]
[PlyCount "43"]
[EventDate "2011.07.23"]
[EventType "swiss"]
[EventRounds "9"]
[EventCountry "GER"]
[SourceTitle "CBM 143 Extra"]
[Source "ChessBase"]
[SourceDate "2011.08.29"]
[SourceVersion "1"]
[SourceVersionDate "2011.08.29"]
[SourceQuality "1"]

1. e4 e6 2. d3 c5 3. Nf3 d5 4. Nbd2 Nf6 5. g3 Nc6 6. Bg2 Be7 7. 0-0 0-0 8. e5 Nd7 9. Re1 b5 10. h4 a5 11. Nf1 Qc7 12. Bf4 Bb7 13. N1h2 d4 14. Ng4 Nb4 15. Ng5 Bxg2 16. Kxg2 Qc6+ 17. Kh2 h5 18. Nf6+ Bxf6 19. Qxh5 Bxg5 20. hxg5 g6 21. Qh6 Qf3 22. Re2 0-1

[Event "Dortmund Sparkassen op-A"]
[Site "Dortmund"]
[Date "2011.07.29"]
[Round "7"]
[White "Schorra, Helmut"]
[Black "Peter, Sebastian"]
[Result "1/2-1/2"]
[WhiteElo "2110"]
[BlackElo "1974"]
[PlyCount "94"]
[EventDate "2011.07.23"]
[EventType "swiss"]
[EventRounds "9"]
[EventCountry "GER"]
[SourceTitle "CBM 143 Extra"]
[Source "ChessBase"]
[SourceDate "2011.08.29"]
[SourceVersion "1"]
[SourceVersionDate "2011.08.29"]
[SourceQuality "1"]

1. Nf3 Nf6 2. d4 e6 3. c4 b6 4. g3 Ba6 5. Qa4 c5 6. Bg2 Bb7 7. dxc5 bxc5 8. 0-0 Be7 9. Nc3 0-0 10. Rd1 Qb6 11. Qc2 Nc6 12. Bf4 d6 13. b3 Nd4 14. Nxd4 cxd4 15. Na4 Qc7 16. Bxb7 Qxb7 17. e3 dxe3 18. Bxe3 Ng4 19. Bd4 e5 20. Bb2 f5 21. Qe2 Rf6 22. f3 Nh6 23. c5 f4 24. cxd6 fxg3 25. dxe7 gxh2+ 26. Kxh2 Qxe7 27. Qxe5 Re6 28. Qd5 Qc7+ 29. Kh3 Rae8 30. Qd7 Qxd7 31. Rxd7 Rg6 32. Rad1 Nf7 33. Rxa7 Ng5+ 34. Kg4 Ne4+ 35. Kf4 Nf2 36. Rxg7+ Rxg7 37. Bxg7 Nxd1 38. Bd4 Re2 39. a3 Nf2 40. Nc3 Nd3+ 41. Kf5 Rb2 42. b4 Rb3 43. b5 Rxa3 44. b6 Nc5 45. f4 Nd7 46. Nd5 Ra4 47. b7 Rb4 1/2-1/2

[Event "Dortmund Sparkassen op-A"]
[Site "Dortmund"]
[Date "2011.07.23"]
[Round "1"]
[White "Peter, Sebastian"]
[Black "Kartsev, Alexandr"]
[Result "1/2-1/2"]
[WhiteElo "1974"]
[BlackElo "2196"]
[PlyCount "53"]
[EventDate "2011.07.23"]
[EventType "swiss"]
[EventRounds "9"]
[EventCountry "GER"]
[SourceTitle "CBM 143 Extra"]
[Source "ChessBase"]
[SourceDate "2011.08.29"]
[SourceVersion "1"]
[SourceVersionDate "2011.08.29"]
[SourceQuality "1"]

1. e4 c6 2. c4 d5 3. cxd5 cxd5 4. exd5 Nf6 5. Nc3 Nxd5 6. Nf3 Nc6 7. Bb5 e6 8. 0-0 Be7 9. Ne5 Qc7 10. Re1 0-0 11. Nxd5 exd5 12. d4 Be6 13. Nxc6 bxc6 14. Bd3 Rab8 15. Qh5 g6 16. Qh6 Rfc8 17. Bf4 Bd6 18. Be5 Bxe5 19. Rxe5 Rxb2 20. Rae1 Qe7 21. Rh5 f5 22. Rh3 Re8 23. Rxe6 Qxe6 24. Qxh7+ Kf8 25. Re3 Qf6 26. Qh6+ Kf7 27. Qh7+ 1/2-1/2

[Event "Lippe Cup 06th"]
[Site "Lieme"]
[Date "2009.10.18"]
[Round "5"]
[White "Peter, Sebastian"]
[Black "Porth, Hartmut"]
[Result "1/2-1/2"]
[WhiteElo "1995"]
[BlackElo "2133"]
[PlyCount "150"]
[EventDate "2009.10.16"]
[EventType "swiss"]
[EventRounds "5"]
[EventCountry "GER"]
[SourceTitle "EXT 2013"]
[Source "ChessBase"]
[SourceDate "2012.11.22"]
[SourceVersion "1"]
[SourceVersionDate "2012.11.22"]
[SourceQuality "1"]

1. e4 Nc6 2. Nf3 d5 3. exd5 Qxd5 4. Nc3 Qa5 5. Bb5 Bd7 6. 0-0 a6 7. Ba4 Nf6 8. d3 Qh5 9. Bf4 b5 10. Bb3 Bg4 11. h3 Bxf3 12. Qxf3 Qxf3 13. gxf3 Rc8 14. Nd5 Nxd5 15. Bxd5 Nd4 16. Kg2 c6 17. Bb3 e6 18. c3 Nf5 19. Rfe1 Be7 20. d4 0-0 21. Bg3 g6 22. Bc2 Ng7 23. Bd3 Rfd8 24. Red1 h5 25. a4 h4 26. Bh2 Nh5 27. axb5 axb5 28. Bc2 Bg5 29. Re1 Bf4 30. Bxf4 Nxf4+ 31. Kh2 g5 32. b4 Nd5 33. Ra3 Ra8 34. Rea1 Rxa3 35. Rxa3 Nf4 36. Be4 e5 37. Ra2 exd4 38. Rd2 Ne6 39. Rd3 dxc3 40. Rxc3 Rd2 41. Bxc6 Rxf2+ 42. Kg1 Rb2 43. Bxb5 Rxb4 44. Bd7 Nf4 45. Rc2 Rb1+ 46. Kh2 Rb3 47. Bg4 Kg7 48. Rc7 Kg6 49. Rc6+ f6 50. Kh1 Ra3 51. Kh2 Ra2+ 52. Kh1 Ra7 53. Kh2 Kg7 54. Rc5 Kf8 55. Rb5 Ke7 56. Kg1 Ra6 57. Rf5 Rd6 58. Ra5 Rd5 59. Ra7+ Kd6 60. Rf7 Ke5 61. Kf2 Rd2+ 62. Kg1 Rd6 63. Kf2 Kd4 64. Bf5 Rb6 65. Bg4 Rb2+ 66. Kg1 Nd5 67. Ra7 Ke3 68. Ra4 Rb4 69. Ra5 Nf4 70. Ra3+ Kd4 71. Ra6 Ke5 72. Ra5+ Nd5 73. Kf2 Rd4 74. Bc8 Kf4 75. Be6 Ne3 1/2-1/2

[Event "Lippe Cup 06th"]
[Site "Lieme"]
[Date "2009.10.17"]
[Round "2"]
[White "Gast, Rainer"]
[Black "Peter, Sebastian"]
[Result "1/2-1/2"]
[WhiteElo "1960"]
[BlackElo "1995"]
[PlyCount "49"]
[EventDate "2009.10.16"]
[EventType "swiss"]
[EventRounds "5"]
[EventCountry "GER"]
[SourceTitle "EXT 2013"]
[Source "ChessBase"]
[SourceDate "2012.11.22"]
[SourceVersion "1"]
[SourceVersionDate "2012.11.22"]
[SourceQuality "1"]

1. d4 Nf6 2. Nf3 b6 3. c4 Bb7 4. Nc3 e6 5. Bg5 Bb4 6. Rc1 0-0 7. e3 d6 8. Bd3 Nbd7 9. 0-0 Bxc3 10. Rxc3 Qe8 11. Rc1 Ne4 12. Bh4 f5 13. Ne1 Ndf6 14. f3 Qh5 15. Bxf6 Nxf6 16. Nc2 Kh8 17. Na3 c5 18. Nb5 Ne8 19. dxc5 dxc5 20. Be2 Qg5 21. Rc3 a6 22. Na3 Rd8 23. Rd3 Nc7 24. Nc2 Rxd3 25. Qxd3 1/2-1/2

[Event "Kavala op 18th"]
[Site "Kavala"]
[Date "2009.08.04"]
[Round "5"]
[White "Peter, Sebastian"]
[Black "Katsifarakis, Nikolaos"]
[Result "1/2-1/2"]
[WhiteElo "2024"]
[BlackElo "1882"]
[PlyCount "89"]
[EventDate "2009.08.01"]
[EventType "swiss"]
[EventRounds "9"]
[EventCountry "GRE"]
[SourceTitle "CBM 131 Extra"]
[Source "ChessBase"]
[SourceDate "2009.09.03"]
[SourceVersion "2"]
[SourceVersionDate "2009.09.16"]
[SourceQuality "1"]

1. e4 d6 2. Nc3 Nf6 3. g3 e5 4. Bg2 Nc6 5. Nge2 g6 6. 0-0 Bg4 7. h3 Be6 8. f4 Qc8 9. fxe5 Ng8 10. Kh2 dxe5 11. d4 Bc4 12. b3 exd4 13. Nd5 Bxe2 14. Qxe2 Bg7 15. Bf4 Ne5 16. c3 d3 17. Qf2 Qd7 18. Rad1 c6 19. Bxe5 Bxe5 20. Rxd3 Qe6 21. Nf4 Qe7 22. Rfd1 Nf6 23. Ne2 0-0 24. Kh1 Rad8 25. Nd4 Nh5 26. Ne2 Rxd3 27. Rxd3 Rd8 28. Qe3 Rxd3 29. Qxd3 Qc5 30. g4 Nf6 31. Nd4 Qa3 32. Qd2 Qd6 33. Qe3 c5 34. Nf3 Qd1+ 35. Ng1 b6 36. Qe2 Qc1 37. c4 Bd4 38. Bf1 Nxe4 39. Kg2 Qf4 40. Qf3 Qxf3+ 41. Nxf3 Bc3 42. Bd3 Nd6 43. Ng5 Kg7 44. Ne4 Nxe4 45. Bxe4 1/2-1/2

[Event "Werther Schloss op-B 13rd"]
[Site "Werther"]
[Date "2007.04.01"]
[Round "4"]
[White "Peter, Sebastian"]
[Black "Huette, Stefan"]
[Result "1/2-1/2"]
[WhiteElo "1835"]
[BlackElo "2061"]
[PlyCount "25"]
[EventDate "2007.03.30"]
[EventType "swiss"]
[EventRounds "5"]
[EventCountry "GER"]
[SourceTitle "EXT 2008"]
[Source "ChessBase"]
[SourceDate "2007.11.25"]
[SourceVersion "1"]
[SourceVersionDate "2007.11.25"]
[SourceQuality "1"]

1. e4 d5 2. exd5 Nf6 3. d4 Bg4 4. Be2 Bxe2 5. Nxe2 Qxd5 6. 0-0 Nc6 7. Bf4 0-0-0 8. c3 e5 9. Be3 Bc5 10. c4 Qd6 11. d5 Bxe3 12. fxe3 Qc5 13. Qb3 1/2-1/2

[Event "Lippe Cup 02nd"]
[Site "Lieme"]
[Date "2005.10.09"]
[Round "5"]
[White "Peter, Sebastian"]
[Black "Richter, Stefan"]
[Result "1-0"]
[WhiteElo "1669"]
[BlackElo "1883"]
[PlyCount "81"]
[EventDate "2005.10.07"]
[EventType "swiss"]
[EventRounds "5"]
[EventCountry "GER"]
[SourceTitle "EXT 2012"]
[Source "ChessBase"]
[SourceDate "2011.11.24"]
[SourceVersion "1"]
[SourceVersionDate "2011.11.24"]
[SourceQuality "1"]

1. Nf3 Nf6 2. g3 g6 3. d4 d5 4. Bg2 Bg7 5. 0-0 0-0 6. Bf4 c6 7. Qc1 Re8 8. Bh6 Bg4 9. Bxg7 Kxg7 10. h3 Bxf3 11. Bxf3 Nbd7 12. e3 e5 13. Nc3 e4 14. Bg2 Nf8 15. Ne2 Ne6 16. c4 Qd7 17. Kh2 h5 18. Nf4 Rh8 19. Nxe6+ Qxe6 20. f4 exf3 21. Bxf3 h4 22. g4 Qd6+ 23. Kh1 Qg3 24. Bg2 Nxg4 25. hxg4 h3 26. Bf3 Rae8 27. cxd5 cxd5 28. Qe1 Qd6 29. Qf2 Re7 30. Rac1 b6 31. Rc3 Rhe8 32. Rfc1 Qf6 33. R1c2 Qg5 34. Re2 f5 35. Qg3 Rxe3 36. Rexe3 f4 37. Rc7+ Kf6 38. Rc6+ Kg7 39. Qxh3 fxe3 40. Rc7+ Kf6 41. Qh7 1-0

[Event "Lippe Cup 02nd"]
[Site "Lieme"]
[Date "2005.10.08"]
[Round "3"]
[White "Peter, Sebastian"]
[Black "Geisler, Reinhard"]
[Result "1/2-1/2"]
[WhiteElo "1669"]
[BlackElo "2043"]
[PlyCount "63"]
[EventDate "2005.10.07"]
[EventType "swiss"]
[EventRounds "5"]
[EventCountry "GER"]
[SourceTitle "EXT 2012"]
[Source "ChessBase"]
[SourceDate "2011.11.24"]
[SourceVersion "1"]
[SourceVersionDate "2011.11.24"]
[SourceQuality "1"]

1. Nf3 d5 2. g3 Nf6 3. Bg2 Bf5 4. d3 e6 5. Nc3 h6 6. 0-0 Be7 7. h3 0-0 8. Nh4 Bh7 9. Nf3 c5 10. Nd2 Nc6 11. e4 a6 12. f4 b5 13. e5 Nd7 14. Ne2 b4 15. Nf3 Qc7 16. Be3 Rac8 17. Kh1 a5 18. Qd2 Nb6 19. b3 a4 20. Rac1 Rfd8 21. d4 cxd4 22. Bxd4 Be4 23. c3 bxc3 24. Bxc3 Ba3 25. Bb2 Bxb2 26. Qxb2 axb3 27. axb3 Bxf3 28. Rxf3 Qb7 29. Rfc3 Ne7 30. Nd4 Rxc3 31. Qxc3 Rc8 32. Qd2 1/2-1/2

[Event "Moehnesee Cup-B"]
[Site "Moehnesee"]
[Date "2005.08.19"]
[Round "3"]
[White "Peter, Sebastian"]
[Black "Kuhn, Viktor"]
[Result "0-1"]
[WhiteElo "1668"]
[BlackElo "1756"]
[PlyCount "44"]
[EventDate "2005.08.18"]
[EventType "swiss"]
[EventRounds "7"]
[EventCountry "GER"]
[SourceTitle "CBM 108 Extra"]
[Source "ChessBase"]
[SourceDate "2005.11.04"]
[SourceVersion "1"]
[SourceVersionDate "2005.11.04"]
[SourceQuality "1"]

1. Nf3 d5 2. c4 c6 3. e3 Nf6 4. b3 Bg4 5. Bb2 e6 6. Be2 Be7 7. a3 0-0 8. Qc2 h6 9. Bd3 Nbd7 10. Ne5 Nxe5 11. Bxe5 Bd6 12. Bxd6 Qxd6 13. h3 Qe5 14. hxg4 Qxa1 15. g5 Ne4 16. gxh6 f5 17. cxd5 cxd5 18. Ke2 Rac8 19. Qd1 g6 20. g4 Kh7 21. Bxe4 fxe4 22. g5 Qe5 0-1

[Event "Moehnesee Cup-B"]
[Site "Moehnesee"]
[Date "2005.08.18"]
[Round "1"]
[White "Peter, Sebastian"]
[Black "Schmidt, Matthias"]
[Result "1-0"]
[WhiteElo "1668"]
[BlackElo "1268"]
[PlyCount "63"]
[EventDate "2005.08.18"]
[EventType "swiss"]
[EventRounds "7"]
[EventCountry "GER"]
[SourceTitle "CBM 108 Extra"]
[Source "ChessBase"]
[SourceDate "2005.11.04"]
[SourceVersion "1"]
[SourceVersionDate "2005.11.04"]
[SourceQuality "1"]

1. Nf3 d5 2. c4 c6 3. e3 Nf6 4. Nc3 Bg4 5. b3 e6 6. Bb2 Nbd7 7. Be2 Be7 8. Qc2 Bf5 9. Bd3 Bxd3 10. Qxd3 Nc5 11. Qc2 Qd6 12. cxd5 cxd5 13. b4 Ncd7 14. Nb5 Qxb4 15. Nc7+ Kf8 16. Nxa8 Bd6 17. a4 Qe4 18. Qc8+ Ne8 19. Qxd7 Be7 20. Ne5 f6 21. Nf3 Kf7 22. Ba3 Kg6 23. Bxe7 Nd6 24. Bxd6 Rxa8 25. h4 h5 26. g4 Qxf3 27. gxh5+ Kh7 28. Rg1 Rg8 29. Bf8 Kh6 30. Bxg7+ Kxh5 31. Qf7+ Kxh4 32. Bxf6+ 1-0

[Event "OWL-ch U16"]
[Site "Hiddenhausen"]
[Date "2005.01.05"]
[Round "7"]
[White "Peter, Sebastian"]
[Black "Schuetze, Rene"]
[Result "1-0"]
[WhiteElo "1660"]
[BlackElo "1520"]
[PlyCount "61"]
[EventDate "2005.01.02"]
[EventType "swiss"]
[EventRounds "7"]
[EventCountry "GER"]
[SourceTitle "EXT 2007"]
[Source "ChessBase"]
[SourceDate "2006.11.23"]
[SourceVersion "1"]
[SourceVersionDate "2006.11.23"]
[SourceQuality "1"]

1. Nf3 c5 2. g3 Nf6 3. Bg2 d5 4. d3 Bf5 5. Nfd2 Qd7 6. Nc3 Bh3 7. 0-0 Bxg2 8. Kxg2 h5 9. h3 Nc6 10. e4 0-0-0 11. f4 dxe4 12. Ndxe4 Qf5 13. Be3 e6 14. Qf3 Nd4 15. Qf2 Be7 16. Nxf6 Bxf6 17. Ne4 b6 18. Rab1 Nc6 19. Qf3 Bd4 20. Ng5 Kc7 21. Bd2 Rd7 22. g4 hxg4 23. hxg4 Qg6 24. c3 Rhd8 25. Rbd1 Bxc3 26. Bxc3 Rxd3 27. Qe2 R3d5 28. Rxd5 exd5 29. b4 d4 30. Bd2 f6 31. Ne6+ 1-0

[Event "OWL-ch U16"]
[Site "Hiddenhausen"]
[Date "2005.01.03"]
[Round "4"]
[White "Paneff, Florian"]
[Black "Peter, Sebastian"]
[Result "1-0"]
[WhiteElo "1657"]
[BlackElo "1660"]
[PlyCount "75"]
[EventDate "2005.01.02"]
[EventType "swiss"]
[EventRounds "7"]
[EventCountry "GER"]
[SourceTitle "EXT 2007"]
[Source "ChessBase"]
[SourceDate "2006.11.23"]
[SourceVersion "1"]
[SourceVersionDate "2006.11.23"]
[SourceQuality "1"]

1. e4 d6 2. d4 g6 3. Nc3 Bg7 4. Nf3 Nc6 5. Be3 Nf6 6. h3 Nd7 7. Be2 h6 8. Qd2 e5 9. d5 Ne7 10. g4 b6 11. a3 Bb7 12. 0-0-0 a6 13. Rdf1 Nc5 14. Ne1 c6 15. dxc6 Bxc6 16. f3 Rb8 17. Nd3 Nxd3+ 18. Bxd3 b5 19. Na2 d5 20. Bc5 0-0 21. Nb4 Bb7 22. Nxd5 Bxd5 23. exd5 Re8 24. Be4 Bf6 25. h4 Bg7 26. d6 Nc8 27. d7 Re6 28. dxc8Q Qxc8 29. Bb4 Qc4 30. Bd5 Qc8 31. Bxe6 Qxe6 32. Kb1 Bf8 33. Bxf8 Kxf8 34. Qxh6+ Kg8 35. h5 b4 36. hxg6 Qf6 37. gxf7+ Qxf7 38. Qh8# 1-0

[Event "OWL-ch U16"]
[Site "Hiddenhausen"]
[Date "2005.01.02"]
[Round "1"]
[White "Peter, Sebastian"]
[Black "Piper, Adem"]
[Result "1-0"]
[WhiteElo "1660"]
[BlackElo "1241"]
[PlyCount "91"]
[EventDate "2005.01.02"]
[EventType "swiss"]
[EventRounds "7"]
[EventCountry "GER"]
[SourceTitle "EXT 2007"]
[Source "ChessBase"]
[SourceDate "2006.11.23"]
[SourceVersion "1"]
[SourceVersionDate "2006.11.23"]
[SourceQuality "1"]

1. Nf3 Nc6 2. d3 e5 3. g3 Bc5 4. Bg2 d6 5. 0-0 Nf6 6. Nc3 0-0 7. Bg5 h6 8. Bxf6 Qxf6 9. Ne4 Qe6 10. Nxc5 dxc5 11. c3 Rd8 12. Nd2 b6 13. Nc4 Bb7 14. Qa4 f6 15. Qb3 Rab8 16. Ne3 Qxb3 17. axb3 a5 18. Nf5 Kf7 19. Ra4 Ne7 20. Nxe7 Kxe7 21. Bxb7 Rxb7 22. Re4 Kf7 23. f4 Re8 24. fxe5 Kg6 25. exf6 Rxe4 26. fxg7 Kxg7 27. dxe4 Rb8 28. Kf2 Kg6 29. Ke3 Re8 30. Rf5 Re7 31. g4 Kg7 32. e5 Kg6 33. h4 Re6 34. Kf4 b5 35. Rf6+ Rxf6+ 36. exf6 Kxf6 37. g5+ hxg5+ 38. hxg5+ Kg6 39. e4 c6 40. e5 b4 41. c4 Kf7 42. Kf5 Ke7 43. g6 Kf8 44. Kf6 Kg8 45. e6 Kf8 46. g7+ 1-0